Franz se mete en problemas de amor /
Guardado en:
| Autor Principal: | |
|---|---|
| Otros Autores: | |
| Formato: | Libro |
| Idioma: | Undetermined |
| Publicado: |
Bogotá :
Norma,
2003.
|
| Series: | Colección Torre de Papel
|
| Materias: | |
| Etiquetas: |
Agregar Etiqueta
Sin Etiquetas, Sea el primero en etiquetar este registro!
|
| LEADER | 00629nam a22001935a 4500 | ||
|---|---|---|---|
| 001 | CEM.cems019815 | ||
| 008 | 221026s2003####xx############000#0#und#d | ||
| 005 | 20221027090923.0 | ||
| 245 | 1 | 0 | |a Franz se mete en problemas de amor / |c Christine Nöstlinger; ilustrador Erhard Dietl. |
| 260 | |a Bogotá : |b Norma, |c 2003. | ||
| 300 | |a 57 p. ; |c 20 cm. | ||
| 490 | 1 | |a Colección Torre de Papel | |
| 020 | |a 958042697 | ||
| 100 | 1 | |a Nöstlinger, Christine. | |
| 700 | 1 | |a Dietl, Erhard; il. | |
| 653 | |a Literatura Infantil | ||
| 653 | |a Literatura Juvenil | ||
| 653 | |a Novela | ||
| 859 | |a CEMS |b BIB. CEMS - Inicial y Primaria |h 839 |i N842-9 |k IP |p 2931 |t Ej.1 | ||
